[Event "Charlotte op"]
[Site "Charlotte"]
[Date "2024.01.15"]
[Round "6"]
[White "Cordova, Emilio"]
[Black "Prabhu, Naveen"]
[Result "1-0"]
[WhiteElo "2563"]
[BlackElo "2103"]
[PlyCount "63"]
[EventDate "2024.01.05"]
[EventType "swiss"]
[EventRounds "6"]
[EventCountry "USA"]
[SourceTitle "CB04_2024"]
[SourceDate "2023.10.16"]
[SourceVersion "1"]
[SourceVersionDate "2023.10.16"]
[SourceQuality "1"]

1. Nf3 d5 2. g3 Nf6 3. Bg2 Bf5 4. c4 c6 5. Qb3 Qb6 6. d3 e6 7. Be3 Qb4+ 8. Bd2 Qxb3 9. axb3 Na6 10. 0-0 Bc5 11. Rc1 Nd7 12. Na3 0-0 13. Nc2 Rfc8 14. b4 Be7 15. Nfd4 dxc4 16. Nxf5 exf5 17. dxc4 Bf6 18. Bc3 Bxc3 19. bxc3 Nc7 20. Nd4 g6 21. b5 Nc5 22. bxc6 b6 23. Rcb1 Ne4 24. Rb3 Ne8 25. g4 Nd2 26. Rb4 a5 27. Rxb6 Nxc4 28. Rb7 fxg4 29. Bd5 Ncd6 30. Rd7 Rc7 31. c4 Kg7 32. Ne6+ 1-0

[Event "Charlotte Super op"]
[Site "Charlotte"]
[Date "2023.07.13"]
[Round "9"]
[White "Prabhu, Naveen"]
[Black "Chirilov, James A"]
[Result "1-0"]
[WhiteElo "2152"]
[BlackElo "2117"]
[PlyCount "43"]
[EventDate "2023.07.09"]
[EventType "swiss"]
[EventRounds "9"]
[EventCountry "USA"]
[SourceTitle "CBM 215 Extra"]
[Source "ChessBase"]
[SourceDate "2023.09.30"]
[SourceVersion "1"]
[SourceVersionDate "2023.09.30"]
[SourceQuality "1"]

1. e4 c5 2. Nf3 d6 3. d4 cxd4 4. Nxd4 Nf6 5. Nc3 a6 6. Rg1 h5 7. Be3 g6 8. h3 Bg7 9. Qe2 b5 10. g4 Bb7 11. Bg2 Qa5 12. 0-0-0 b4 13. Nb3 Qc7 14. Nd5 Bxd5 15. exd5 Nbd7 16. g5 Nh7 17. Bd4 0-0 18. Bxg7 Kxg7 19. Nd4 Nc5 20. f4 Rfe8 21. f5 Nf8 22. Bf3 1-0

[Event "Charlotte Carolinas op"]
[Site "Charlotte"]
[Date "2023.06.11"]
[Round "4"]
[White "Margvelashvili, Giorgi"]
[Black "Prabhu, Naveen"]
[Result "1-0"]
[WhiteElo "2532"]
[BlackElo "2145"]
[PlyCount "51"]
[EventDate "2023.06.09"]
[EventType "swiss"]
[EventRounds "5"]
[EventCountry "USA"]
[SourceTitle "CBM 214 Extra"]
[Source "ChessBase"]
[SourceDate "2023.07.31"]
[SourceVersion "1"]
[SourceVersionDate "2023.07.31"]
[SourceQuality "1"]

1. Nf3 d5 2. c4 d4 3. g3 c5 4. Bg2 Nc6 5. 0-0 e5 6. d3 Bd6 7. e3 Nge7 8. exd4 cxd4 9. Re1 f6 10. a3 a5 11. Nbd2 0-0 12. Rb1 Be6 13. Ne4 a4 14. Nxd6 Qxd6 15. Nd2 f5 16. b4 axb3 17. Rxb3 Ra7 18. Rb5 Re8 19. Nf3 Ng6 20. Ng5 h6 21. Qh5 Nce7 22. Rbxe5 Bxc4 23. dxc4 hxg5 24. Bd5+ Kf8 25. Re6 Qd7 26. Rf6+ 1-0

[Event "Dulles Cherry Blossom op 10th"]
[Site "Dulles"]
[Date "2023.05.29"]
[Round "9"]
[White "Tanenbaum, Zachary Chen"]
[Black "Prabhu, Naveen"]
[Result "1-0"]
[WhiteElo "2261"]
[BlackElo "2138"]
[PlyCount "119"]
[EventDate "2023.05.24"]
[EventType "swiss"]
[EventRounds "9"]
[EventCountry "USA"]
[SourceTitle "CBM 214 Extra"]
[Source "ChessBase"]
[SourceDate "2023.07.31"]
[SourceVersion "1"]
[SourceVersionDate "2023.07.31"]
[SourceQuality "1"]

1. e4 c6 2. d4 d5 3. exd5 cxd5 4. Bd3 Nc6 5. c3 Nf6 6. Bf4 Bg4 7. Qb3 Qd7 8. Nd2 e6 9. Ngf3 Bd6 10. Bxd6 Qxd6 11. 0-0 0-0 12. Rfe1 Ne7 13. Ne5 Bf5 14. Bxf5 Nxf5 15. Qxb7 Rab8 16. Qxa7 Rxb2 17. Nb3 h5 18. h3 Rc2 19. Rac1 Rxc1 20. Rxc1 Ne4 21. Nd3 Qd8 22. Ndc5 Qg5 23. Nxe4 dxe4 24. Qb7 e3 25. Qf3 Nh4 26. Qg3 exf2+ 27. Kxf2 Qf5+ 28. Kg1 Ng6 29. Nc5 Nf4 30. Qf3 Rb8 31. Rf1 Rb1 32. Kh2 Rxf1 33. Qxf1 g5 34. Qf3 g4 35. Qa8+ Kg7 36. Qe4 Qg5 37. Qe5+ Qxe5 38. dxe5 gxh3 39. gxh3 Nd5 40. Ne4 Kg6 41. c4 Nb4 42. a4 Nc6 43. Nd6 Nxe5 44. a5 Nc6 45. a6 Kf6 46. Kg3 e5 47. Nb5 Kf5 48. Kf3 Ke6 49. a7 Nxa7 50. Nxa7 f5 51. Nb5 Kd7 52. h4 Kc6 53. Nc3 Kc5 54. Nd5 f4 55. Ke4 Kxc4 56. Nf6 f3 57. Kxf3 Kd3 58. Nxh5 e4+ 59. Kf4 e3 60. Ng3 1-0

[Event "Dulles Cherry Blossom op 10th"]
[Site "Dulles"]
[Date "2023.05.26"]
[Round "3"]
[White "Chabris, Christopher"]
[Black "Prabhu, Naveen"]
[Result "1/2-1/2"]
[WhiteElo "2053"]
[BlackElo "2138"]
[PlyCount "109"]
[EventDate "2023.05.24"]
[EventType "swiss"]
[EventRounds "9"]
[EventCountry "USA"]
[SourceTitle "CBM 214 Extra"]
[Source "ChessBase"]
[SourceDate "2023.07.31"]
[SourceVersion "1"]
[SourceVersionDate "2023.07.31"]
[SourceQuality "1"]

1. e4 e6 2. d4 d5 3. Nc3 Bb4 4. e5 c5 5. a3 Bxc3+ 6. bxc3 Ne7 7. h4 Qc7 8. h5 h6 9. Rb1 Nbc6 10. Qg4 Rg8 11. Bd3 c4 12. Bh7 Nxe5 13. Qg3 Nd3+ 14. cxd3 Qxg3 15. fxg3 Rh8 16. Be4 dxe4 17. dxe4 f5 18. Nf3 fxe4 19. Nd2 b6 20. Nxe4 Nd5 21. a4 Bb7 22. Ba3 Kd7 23. Rf1 Nf6 24. Nxf6+ gxf6 25. Rxf6 Bxg2 26. a5 Bd5 27. a6 Kc6 28. Kf2 Rh7 29. Bf8 Rh8 30. Bxh6 Rag8 31. Bf4 Rxh5 32. Rf7 b5 33. Rb7 Be4 34. Re1 Rh2+ 35. Ke3 Bf5 36. Rxa7 Ra2 37. Rh1 Bg4 38. Re1 Kb6 39. Rd7 Kxa6 40. Bd6 Kb6 41. Bc5+ Kc6 42. Rd6+ Kc7 43. Rb6 Rc2 44. Ra1 Rxc3+ 45. Kd2 Rd3+ 46. Kc2 Rb8 47. Ra7+ Kc8 48. Rc6+ Kd8 49. Rd6+ Ke8 50. Rdd7 b4 51. Re7+ Kd8 52. Rad7+ Kc8 53. Rc7+ Kd8 54. Rcd7+ Kc8 55. Rc7+ 1/2-1/2

[Event "Titled Tuesday intern op 28th Mar Early"]
[Site "Chess.com INT"]
[Date "2023.03.28"]
[Round "4"]
[White "Lauridsen, Jesper Morch"]
[Black "Prabhu, Naveen"]
[Result "0-1"]
[WhiteElo "2281"]
[BlackElo "2138"]
[PlyCount "108"]
[EventDate "2023.03.28"]
[EventType "swiss (blitz)"]
[EventRounds "11"]
[EventCountry "USA"]
[SourceTitle "EXT 2024"]
[Source "ChessBase"]
[SourceDate "2023.10.10"]
[SourceVersion "1"]
[SourceVersionDate "2023.10.10"]
[SourceQuality "1"]

1. Nf3 Nf6 2. b3 b6 3. Bb2 Bb7 4. e3 e6 5. c4 c5 6. Be2 Be7 7. 0-0 0-0 8. d4 d5 9. Nc3 dxc4 10. Bxc4 Nc6 11. d5 exd5 12. Nxd5 Nxd5 13. Qxd5 Qxd5 14. Bxd5 Rad8 15. Rad1 Na5 16. Bxb7 Nxb7 17. Ne5 Bf6 18. Ba1 Rfe8 19. f4 Bxe5 20. Bxe5 f6 21. Bc7 Rxd1 22. Rxd1 Rxe3 23. Rd7 Na5 24. Kf2 Re8 25. Kf3 Nc6 26. g4 Re7 27. Rxe7 Nxe7 28. Ke4 Kf7 29. f5 Ke8 30. Bd6 Kd7 31. Bxe7 Kxe7 32. Kd5 Kd7 33. a3 h6 34. h3 Kc7 35. a4 Kd7 36. h4 a6 37. a5 Kc7 38. axb6+ Kxb6 39. Ke6 a5 40. Kf7 a4 41. bxa4 c4 42. Kxg7 c3 43. Kxf6 c2 44. Kg7 c1Q 45. f6 Qf4 46. f7 Qxg4+ 47. Kxh6 Qxh4+ 48. Kg7 Qg5+ 49. Kh8 Qf6+ 50. Kg8 Qg6+ 51. Kf8 Kc7 52. a5 Kd7 53. a6 Ke6 54. a7 Qxf7# 0-1

[Event "Charlotte op"]
[Site "Charlotte"]
[Date "2023.01.14"]
[Round "2"]
[White "Prabhu, Naveen"]
[Black "Bregadze, Levan"]
[Result "0-1"]
[WhiteElo "2062"]
[BlackElo "2434"]
[PlyCount "48"]
[EventDate "2023.01.14"]
[EventType "swiss"]
[EventRounds "6"]
[EventCountry "USA"]
[SourceTitle "CBM 212 Extra"]
[Source "ChessBase"]
[SourceDate "2023.03.31"]
[SourceVersion "1"]
[SourceVersionDate "2023.03.31"]
[SourceQuality "1"]

1. e4 c6 2. d4 d5 3. e5 Bf5 4. Nf3 e6 5. Be2 Nd7 6. 0-0 h6 7. a4 a5 8. Na3 Ne7 9. Ne1 Bh7 10. f4 Be4 11. c3 Nf5 12. g4 Nh4 13. Bd3 h5 14. f5 Nxe5 15. fxe6 fxe6 16. Bxe4 dxe4 17. Bf4 Nef3+ 18. Kh1 Bd6 19. Qe2 Bxf4 20. Qxe4 Ng5 21. Qxf4 Qd5+ 22. Nf3 Nhxf3 23. c4 Qxd4 24. Rxf3 Nxf3 0-1

[Event "Titled Tuesday intern op 06th Sep Late"]
[Site "Chess.com INT"]
[Date "2022.09.06"]
[Round "4"]
[White "Prabhu, Naveen"]
[Black "Souleidis, Georgios"]
[Result "0-1"]
[WhiteElo "2128"]
[BlackElo "2410"]
[PlyCount "84"]
[EventDate "2022.09.06"]
[EventType "swiss (blitz)"]
[EventRounds "11"]
[EventCountry "USA"]
[SourceTitle "EXT 2023"]
[Source "ChessBase"]
[SourceDate "2022.10.05"]
[SourceVersion "1"]
[SourceVersionDate "2022.10.05"]
[SourceQuality "1"]

1. e4 c6 2. d4 d5 3. Nc3 dxe4 4. Nxe4 Nf6 5. Nxf6+ exf6 6. Nf3 Bd6 7. Bd3 0-0 8. 0-0 Bg4 9. h3 Bh5 10. c3 Bc7 11. Be2 Qd6 12. g3 Qd7 13. Kg2 Re8 14. Re1 Na6 15. Ng1 Bg6 16. Be3 Bd6 17. Bf3 Nc7 18. Ne2 Nd5 19. Bd2 f5 20. Nf4 Nxf4+ 21. Bxf4 Bxf4 22. gxf4 Rxe1 23. Qxe1 Re8 24. Qd2 f6 25. d5 Bf7 26. Rd1 Rd8 27. d6 Kf8 28. Qd4 a6 29. b3 Qe6 30. Qb6 Rd7 31. c4 g5 32. fxg5 fxg5 33. Qd4 Kg8 34. c5 h5 35. Qd2 g4 36. Be2 Qe4+ 37. f3 Qe5 38. fxg4 hxg4 39. hxg4 Bd5+ 40. Kf1 fxg4 41. Bc4 Rf7+ 42. Kg1 Qg3+ 0-1

[Event "US op Denker 122nd"]
[Site "Rancho Mirage"]
[Date "2022.07.31"]
[Round "2"]
[White "Hong, Andrew Z"]
[Black "Prabhu, Naveen"]
[Result "1-0"]
[WhiteElo "2513"]
[BlackElo "2124"]
[PlyCount "103"]
[EventDate "2022.07.30"]
[EventType "swiss"]
[EventRounds "6"]
[EventCountry "USA"]
[SourceTitle "CBM 209 Extra"]
[Source "ChessBase"]
[SourceDate "2022.09.30"]
[SourceVersion "1"]
[SourceVersionDate "2022.09.30"]
[SourceQuality "1"]

1. e4 e6 2. d4 d5 3. Nc3 Bb4 4. e5 c5 5. a3 Bxc3+ 6. bxc3 Ne7 7. h4 Qc7 8. h5 h6 9. Rb1 Nbc6 10. Nf3 Bd7 11. Be2 0-0-0 12. a4 c4 13. Ba3 f6 14. Qd2 Rde8 15. Bd6 Qa5 16. Nh4 Nf5 17. Nxf5 exf5 18. exf6 Re6 19. fxg7 Rhe8 20. Be5 Nxe5 21. dxe5 Rxe5 22. 0-0 Qa6 23. Bf3 Qe6 24. Qd4 Bxa4 25. Ra1 Bc6 26. Rxa7 Kc7 27. Ra5 Rg8 28. Rb1 Rxg7 29. Kf1 Re7 30. g3 Re1+ 31. Rxe1 Qxe1+ 32. Kg2 Qe6 33. Ra8 Qe5 34. Qc5 Rd7 35. Qa5+ Kd6 36. Rg8 Re7 37. Rg6+ Re6 38. Qd8+ Kc5 39. Qf8+ Kb5 40. Rxh6 Rxh6 41. Qxh6 Qxc3 42. Qg6 d4 43. Qxf5+ Kb4 44. Qf8+ Ka4 45. Bxc6+ bxc6 46. h6 Qxc2 47. Qa8+ Kb4 48. Qb7+ Kc5 49. Qe7+ Kb5 50. h7 d3 51. h8Q d2 52. Qb8+ 1-0

[Event "Titled Tuesday intern op 31st May Late"]
[Site "Chess.com INT"]
[Date "2022.05.31"]
[Round "6"]
[White "Prabhu, Naveen"]
[Black "Ambartsumova, Karina"]
[Result "0-1"]
[WhiteElo "2099"]
[BlackElo "2386"]
[PlyCount "92"]
[EventDate "2022.05.31"]
[EventType "swiss (blitz)"]
[EventRounds "11"]
[EventCountry "USA"]
[SourceTitle "CBM 208 Extra"]
[Source "ChessBase"]
[SourceDate "2022.07.31"]
[SourceVersion "1"]
[SourceVersionDate "2022.07.31"]
[SourceQuality "1"]

1. e4 c5 2. Nf3 e6 3. d4 cxd4 4. Nxd4 a6 5. Nc3 b5 6. Bd3 Qb6 7. Be3 Bc5 8. Nce2 Nc6 9. c3 Nf6 10. Qd2 d5 11. b4 Bxd4 12. Nxd4 Nxd4 13. Bxd4 Qc6 14. Qg5 dxe4 15. Be2 e5 16. Bxe5 0-0 17. Bd4 h6 18. Qg3 Bf5 19. 0-0 Rfe8 20. Rfd1 Bg6 21. h3 Rac8 22. Bc5 Nh5 23. Bxh5 Bxh5 24. Rd6 Qb7 25. Rxh6 Bg6 26. Rh4 Qc7 27. Qe3 Qd8 28. g3 Qd3 29. Qg5 Qxc3 30. Rd1 Qf3 31. Re1 e3 32. Bxe3 Be4 33. Rxe4 Qxe4 34. h4 Qf3 35. h5 Re6 36. Qh4 Kh7 37. h6 gxh6 38. Qd4 Rg8 39. Rd1 Rxg3+ 40. fxg3 Qxg3+ 41. Kf1 Qf3+ 42. Bf2 Qe2+ 43. Kg2 Rg6+ 44. Kh1 Qh5+ 45. Bh4 Qf3+ 46. Kh2 Qg2# 0-1

[Event "Titled Tuesday intern op 31st May Early"]
[Site "Chess.com INT"]
[Date "2022.05.31"]
[Round "4"]
[White "Prabhu, Naveen"]
[Black "De Souza, Cristiano Gomes"]
[Result "0-1"]
[WhiteElo "2099"]
[BlackElo "2018"]
[PlyCount "50"]
[EventDate "2022.05.31"]
[EventType "swiss (blitz)"]
[EventRounds "11"]
[EventCountry "USA"]
[SourceTitle "CBM 208 Extra"]
[Source "ChessBase"]
[SourceDate "2022.07.31"]
[SourceVersion "1"]
[SourceVersionDate "2022.07.31"]
[SourceQuality "1"]

1. e4 c5 2. Nf3 d6 3. Bb5+ Bd7 4. Bxd7+ Qxd7 5. c4 g6 6. Nc3 Bg7 7. 0-0 Nc6 8. d3 Nf6 9. a3 0-0 10. Re1 e6 11. Rb1 a5 12. Nb5 b6 13. Bf4 Ne8 14. h4 Na7 15. Nc3 Nc6 16. h5 Nd4 17. Nxd4 Bxd4 18. h6 Nc7 19. Qd2 f5 20. e5 d5 21. cxd5 Nxd5 22. Nxd5 Qxd5 23. b4 axb4 24. axb4 Ra2 25. Qc1 Rxf2 0-1

[Event "Dulles Cherry Blossom op"]
[Site "Dulles"]
[Date "2022.05.30"]
[Round "9"]
[White "Girsh, Daniel"]
[Black "Prabhu, Naveen"]
[Result "1/2-1/2"]
[WhiteElo "2076"]
[BlackElo "2099"]
[PlyCount "71"]
[EventDate "2022.05.26"]
[EventType "swiss"]
[EventRounds "9"]
[EventCountry "USA"]
[SourceTitle "CBM 208 Extra"]
[Source "ChessBase"]
[SourceDate "2022.07.31"]
[SourceVersion "1"]
[SourceVersionDate "2022.07.31"]
[SourceQuality "1"]

1. d4 d5 2. c4 e6 3. Nf3 a6 4. Bg5 Be7 5. Bxe7 Qxe7 6. Nbd2 Nf6 7. g3 Nbd7 8. Bg2 c5 9. dxc5 Nxc5 10. 0-0 0-0 11. Rc1 Rb8 12. Qc2 b6 13. b4 Ncd7 14. cxd5 Nxd5 15. a3 Bb7 16. e4 Rfc8 17. Qd3 N5f6 18. e5 Nd5 19. Ne4 a5 20. bxa5 bxa5 21. Rxc8+ Bxc8 22. Rc1 h6 23. h4 Qd8 24. Nd6 Bb7 25. Qd4 Ba6 26. Bh3 Qb6 27. Qe4 Qb2 28. Rc2 Qa1+ 29. Kh2 Rb1 30. Bg2 Qxa3 31. Rc6 Rb6 32. Nd4 Rxc6 33. Nxc6 Qb2 34. Qf3 f6 35. exf6 N7xf6 36. Bh3 1/2-1/2

[Event "Dulles Cherry Blossom op"]
[Site "Dulles"]
[Date "2022.05.29"]
[Round "7"]
[White "Brady, Tyson"]
[Black "Prabhu, Naveen"]
[Result "1/2-1/2"]
[WhiteElo "2064"]
[BlackElo "2099"]
[PlyCount "63"]
[EventDate "2022.05.26"]
[EventType "swiss"]
[EventRounds "9"]
[EventCountry "USA"]
[SourceTitle "CBM 208 Extra"]
[Source "ChessBase"]
[SourceDate "2022.07.31"]
[SourceVersion "1"]
[SourceVersionDate "2022.07.31"]
[SourceQuality "1"]

1. e4 e6 2. d4 d5 3. Nd2 c5 4. exd5 Qxd5 5. Ngf3 cxd4 6. Bc4 Qd7 7. 0-0 Nc6 8. Nb3 a6 9. Nbxd4 Nxd4 10. Nxd4 Qc7 11. Qe2 Bd6 12. h3 Ne7 13. Be3 Bd7 14. Rfd1 0-0 15. Rd2 Rad8 16. Rad1 Ng6 17. Bb3 Be7 18. Qc4 Qxc4 19. Bxc4 e5 20. Nb3 Bc8 21. Bb6 Rxd2 22. Rxd2 Nf4 23. Nc5 Re8 24. Ne4 Ne6 25. Nd6 Bxd6 26. Rxd6 Kf8 27. g3 Ke7 28. Rd5 f6 29. Ba5 Bd7 30. c3 Rc8 31. Bb3 Ke8 32. Rd6 1/2-1/2

[Event "Dulles Cherry Blossom op"]
[Site "Dulles"]
[Date "2022.05.26"]
[Round "1"]
[White "Prabhu, Naveen"]
[Black "Lenderman, Aleksandr"]
[Result "1/2-1/2"]
[WhiteElo "2099"]
[BlackElo "2591"]
[PlyCount "55"]
[EventDate "2022.05.26"]
[EventType "swiss"]
[EventRounds "9"]
[EventCountry "USA"]
[SourceTitle "CBM 208 Extra"]
[Source "ChessBase"]
[SourceDate "2022.07.31"]
[SourceVersion "1"]
[SourceVersionDate "2022.07.31"]
[SourceQuality "1"]

1. e4 e5 2. Nf3 Nf6 3. d4 Nxe4 4. Bd3 d5 5. Nxe5 Bd6 6. 0-0 0-0 7. Qf3 f5 8. c4 Nc6 9. Nxc6 bxc6 10. Nc3 Be6 11. cxd5 Bxd5 12. Nxd5 cxd5 13. Bf4 Rb8 14. Bxd6 Qxd6 15. Bxe4 dxe4 16. Qc3 f4 17. Rfe1 f3 18. b3 Kh8 19. Rac1 Rf7 20. Qc6 Qxd4 21. Rxe4 Qd8 22. Rce1 Rf8 23. gxf3 h6 24. Re7 Rb6 25. Qe8 Rxe8 26. Rxe8+ Qxe8 27. Rxe8+ Kh7 28. Re4 1/2-1/2

[Event "Foxwoods op 14th"]
[Site "Ledyard"]
[Date "2022.04.16"]
[Round "6"]
[White "Finegold, Benjamin"]
[Black "Prabhu, Naveen"]
[Result "1/2-1/2"]
[WhiteElo "2446"]
[BlackElo "2010"]
[PlyCount "115"]
[EventDate "2022.04.13"]
[EventType "swiss"]
[EventRounds "9"]
[EventCountry "USA"]
[SourceTitle "CBM 207 Extra"]
[Source "ChessBase"]
[SourceDate "2022.05.31"]
[SourceVersion "1"]
[SourceVersionDate "2022.05.31"]
[SourceQuality "1"]

1. d4 d5 2. c4 e6 3. Nc3 a6 4. cxd5 exd5 5. Nf3 Nf6 6. Bg5 Be6 7. Bxf6 Qxf6 8. Qb3 b5 9. g3 Bd6 10. Bg2 0-0 11. 0-0 c6 12. Qd1 Ra7 13. Rc1 Rc7 14. e4 dxe4 15. Nxe4 Qd8 16. a3 h6 17. Re1 Rd7 18. Qc2 Bd5 19. Ne5 Bxe5 20. dxe5 Re7 21. f4 Nd7 22. Nd6 Bxg2 23. Kxg2 c5 24. Red1 c4 25. b3 Qa8+ 26. Kg1 cxb3 27. Qxb3 Nb6 28. Qe3 Nc4 29. Nxc4 bxc4 30. Rxc4 Rb8 31. Rcd4 Qc6 32. Rd6 Qc4 33. Rd8+ Re8 34. Rxe8+ Rxe8 35. Qd3 Qc5+ 36. Kg2 Rb8 37. Kh3 a5 38. a4 g6 39. Rd2 Qc8+ 40. Qd7 Qxd7+ 41. Rxd7 Rb4 42. Kg4 Rxa4 43. Ra7 Ra2 44. h4 Ra3 45. h5 gxh5+ 46. Kh4 a4 47. Kxh5 Rxg3 48. Kxh6 Rh3+ 49. Kg5 a3 50. f5 Kf8 51. f6 Ke8 52. Kf5 Rf3+ 53. Ke4 Rb3 54. Kf4 Rc3 55. Ke4 Rb3 56. Kd4 Rh3 57. Kd5 Rd3+ 58. Ke4 1/2-1/2

[Event "Foxwoods op 14th"]
[Site "Ledyard"]
[Date "2022.04.14"]
[Round "3"]
[White "Katz, Alexander R"]
[Black "Prabhu, Naveen"]
[Result "1-0"]
[WhiteElo "2403"]
[BlackElo "2010"]
[PlyCount "105"]
[EventDate "2022.04.13"]
[EventType "swiss"]
[EventRounds "9"]
[EventCountry "USA"]
[SourceTitle "CBM 207 Extra"]
[Source "ChessBase"]
[SourceDate "2022.05.31"]
[SourceVersion "1"]
[SourceVersionDate "2022.05.31"]
[SourceQuality "1"]

1. g3 d5 2. Nf3 c6 3. Bg2 Nf6 4. 0-0 Bf5 5. d3 h6 6. b3 e6 7. Bb2 Nbd7 8. Nbd2 Be7 9. e4 dxe4 10. dxe4 Bh7 11. Qe2 0-0 12. Rad1 Qc7 13. e5 Nd5 14. Ne4 a5 15. c4 Nb4 16. a3 Na6 17. Nd6 Rfd8 18. Qd2 Nac5 19. Qe3 Qb6 20. Bd4 Bxd6 21. exd6 f6 22. Bh3 e5 23. Bxd7 exd4 24. Be6+ Kh8 25. Qxd4 Qxb3 26. Bg4 Qxa3 27. Rfe1 Nb3 28. Qe3 a4 29. Qe7 Qb4 30. Re6 Rf8 31. Nh4 a3 32. Bf5 a2 33. Bxh7 Kxh7 34. Nf5 Rg8 35. Rxf6 Qd2 36. Rxh6+ Qxh6 37. Nxh6 a1Q 38. Rxa1 Rxa1+ 39. Kg2 Kxh6 40. d7 Raa8 41. Qe3+ Kh7 42. Qxb3 Rab8 43. c5 Rgd8 44. Qe6 b6 45. Qxc6 bxc5 46. Qxc5 Kg8 47. Qe7 Rf8 48. h4 Kh8 49. g4 Ra8 50. h5 Rab8 51. g5 Ra8 52. h6 gxh6 53. g6 1-0

[Event "Charlotte op"]
[Site "Charlotte"]
[Date "2021.12.27"]
[Round "2"]
[White "Kevlishvili, Robby"]
[Black "Prabhu, Naveen"]
[Result "1-0"]
[WhiteElo "2491"]
[BlackElo "1963"]
[PlyCount "47"]
[EventDate "2021.12.26"]
[EventType "swiss"]
[EventRounds "9"]
[EventCountry "USA"]
[SourceTitle "CBM 205 Extra"]
[Source "ChessBase"]
[SourceDate "2022.01.31"]
[SourceVersion "1"]
[SourceVersionDate "2022.01.31"]
[SourceQuality "1"]

1. e4 e6 2. d4 d5 3. Nd2 c5 4. exd5 Qxd5 5. dxc5 Bxc5 6. Ngf3 Nf6 7. Bc4 Qc6 8. Qe2 0-0 9. Nb3 Bd6 10. Bg5 Nbd7 11. 0-0-0 Qc7 12. Kb1 e5 13. Nbd2 Kh8 14. Bb3 b6 15. Nh4 Bc5 16. Nf5 Bb7 17. Nc4 Ne4 18. Bh4 b5 19. Na5 Qxa5 20. Rxd7 Bc8 21. Qg4 Rg8 22. Nh6 gxh6 23. Qxe4 Bxd7 24. Bf6+ 1-0

[Event "US Masters"]
[Site "Charlotte"]
[Date "2021.11.25"]
[Round "3"]
[White "Prabhu, Naveen"]
[Black "Marek, Matyas"]
[Result "0-1"]
[WhiteElo "1801"]
[BlackElo "2372"]
[PlyCount "74"]
[EventDate "2021.11.24"]
[EventType "swiss"]
[EventRounds "9"]
[EventCountry "USA"]
[SourceTitle "CBM 205 Extra"]
[Source "ChessBase"]
[SourceDate "2022.01.31"]
[SourceVersion "1"]
[SourceVersionDate "2022.01.31"]
[SourceQuality "1"]

1. e4 c5 2. Nf3 d6 3. d4 cxd4 4. Nxd4 Nf6 5. Nc3 Nc6 6. f3 e5 7. Nb3 Be7 8. Be3 0-0 9. Qd2 a5 10. Bb5 Be6 11. 0-0-0 Na7 12. Bxa7 Rxa7 13. Kb1 Ne8 14. g4 Nc7 15. a4 Nxb5 16. Nxb5 Ra6 17. h4 Qb6 18. Nc3 Qc6 19. Nc1 Rc8 20. N1a2 Rb6 21. b3 Qc5 22. Nb5 Rxb5 23. axb5 a4 24. Kb2 axb3 25. cxb3 Ra8 26. Nb4 d5 27. exd5 e4 28. g5 Bd7 29. Nc2 exf3 30. Qe3 Bxb5 31. Qxf3 g6 32. h5 Bxg5 33. hxg6 hxg6 34. Rdg1 Be2 35. Qxe2 Bf6+ 36. Kc1 Ra1+ 37. Kd2 Qc3# 0-1

[Event "Charlotte Masters 3rd"]
[Site "Charlotte"]
[Date "2021.07.16"]
[Round "1"]
[White "Prabhu, Naveen"]
[Black "Ngo, Bach"]
[Result "0-1"]
[WhiteElo "1757"]
[BlackElo "2071"]
[PlyCount "160"]
[EventDate "2021.07.16"]
[EventType "swiss"]
[EventRounds "5"]
[EventCountry "USA"]
[SourceTitle "CBM 203 Extra"]
[Source "ChessBase"]
[SourceDate "2021.09.30"]
[SourceVersion "1"]
[SourceVersionDate "2021.09.30"]
[SourceQuality "1"]

1. e4 e5 2. Nf3 Nc6 3. Bc4 Bc5 4. 0-0 Nf6 5. d3 d6 6. c3 a6 7. a4 Ba7 8. h3 h6 9. Nbd2 0-0 10. Re1 Re8 11. Nf1 Be6 12. Bxe6 Rxe6 13. Ng3 d5 14. Qe2 Qd7 15. b4 Rd8 16. Bb2 Qe8 17. Ba3 Ne7 18. Qc2 Ng6 19. c4 dxc4 20. dxc4 Bd4 21. Rad1 c5 22. bxc5 Ne7 23. Nf5 Nc6 24. Nd6 Qe7 25. Rb1 Rd7 26. Nh4 Nh5 27. Nhf5 Qg5 28. Bc1 Nf4 29. Bxf4 exf4 30. Qe2 Bxc5 31. h4 Qf6 32. Nxb7 Bb4 33. Rxb4 Nxb4 34. Nc5 Rd8 35. Nxe6 fxe6 36. Nd6 f3 37. Qd2 Qxh4 38. gxf3 Nc6 39. e5 Rf8 40. Re4 Qh5 41. f4 Qg4+ 42. Kf1 Rb8 43. Re1 Rb3 44. Ne4 Qf3 45. Ng3 Rd3 46. Qe2 Qxe2+ 47. Nxe2 Ra3 48. Rd1 Rxa4 49. Rd6 Rxc4 50. Rxe6 a5 51. Re8+ Kf7 52. Ra8 a4 53. Ke1 h5 54. Kd2 h4 55. Rh8 Na5 56. Rxh4 a3 57. Nc1 Rb4 58. Rh3 Rxf4 59. Kc2 Rxf2+ 60. Kb1 Nc4 61. Rc3 Rb2+ 62. Ka1 Nd2 63. Rc6 g5 64. Rc7+ Ke6 65. Rg7 Rb1+ 66. Ka2 Rxc1 67. Rxg5 Rc3 68. Rh5 Nc4 69. Rh2 Kxe5 70. Rh5+ Kd4 71. Rh2 Kc5 72. Rg2 Kb4 73. Rh2 Rb3 74. Rh8 Rb2+ 75. Ka1 Rg2 76. Rh3 Re2 77. Rg3 Ne3 78. Rg8 Nc2+ 79. Kb1 Kb3 80. Rb8+ Nb4 0-1

[Event "Charlotte Carolinas op"]
[Site "Charlotte"]
[Date "2021.06.18"]
[Round "1"]
[White "Ippolito, Dean"]
[Black "Prabhu, Naveen"]
[Result "1-0"]
[WhiteElo "2374"]
[BlackElo "1725"]
[PlyCount "51"]
[EventDate "2021.06.18"]
[EventType "swiss"]
[EventRounds "5"]
[EventCountry "USA"]
[SourceTitle "CBM 203 Extra"]
[Source "ChessBase"]
[SourceDate "2021.09.30"]
[SourceVersion "1"]
[SourceVersionDate "2021.09.30"]
[SourceQuality "1"]

1. d4 d5 2. c4 e6 3. Nf3 Nf6 4. g3 c6 5. Bg2 Be7 6. 0-0 Nbd7 7. Qc2 0-0 8. Nbd2 b6 9. e4 Bb7 10. e5 Ne8 11. Re1 Rc8 12. cxd5 cxd5 13. Qd1 Ba6 14. Nb1 Nc7 15. Nc3 b5 16. a3 Nb6 17. Bf1 Nc4 18. Bd3 g6 19. h4 b4 20. axb4 Bxb4 21. Bg5 Qd7 22. Qc1 Rfe8 23. Nh2 f6 24. Ng4 Be7 25. exf6 e5 26. Nh6+ 1-0